Pokémon de Type Ténèbres - Statistiques

Statistiques générales
  • Ce quiz a été pris 187 fois
  • Le résultat moyen est 71 sur 89
Statistiques - réponses
Numéro Pokémon % Correct
319 Méga-Sharpedo
96%
302 Méga-Ténéfix
96%
019 Rattata d'Alola
96%
319 Sharpedo
96%
302 Ténéfix
96%
493 Arceus
94%
229 Démolosse
94%
461 Dimoret
94%
215 Farfuret
94%
228 Malosse
94%
229 Méga-Démolosse
94%
130 Méga-Léviator
94%
020 Rattatac d'Alola
94%
318 Carvanha
92%
634 Diamat
92%
274 Pifeuil
92%
624 Scalpion
92%
625 Scalproie
92%
633 Solochi
92%
275 Tengalice
92%
635 Trioxhydre
92%
089 Grotadmorv d'Alola
91%
720 Hoopa
91%
773 Silvallié
91%
430 Corboss
90%
198 Cornèbre
90%
146 Sulfura de Galar
90%
088 Tadmorv d'Alola
90%
551 Mascaïman
89%
248 Méga-Tyranocif
89%
442 Spiritomb
89%
248 Tyranocif
89%
861 Angoliath
88%
553 Crocorible
88%
552 Escroco
88%
892 Shifours
88%
052 Miaouss d'Alola
87%
264 Linéon de Galar
86%
053 Persian d'Alola
86%
263 Zigzaton de Galar
86%
560 Baggaïd
83%
559 Baggiguane
83%
262 Grahyèna
83%
261 Medhyèna
83%
983 Scalpereur
83%
491 Darkrai
82%
859 Grimalin
82%
862 Ixon
82%
877 Morpeko
82%
860 Fourbelin
81%
1002 Baojian
79%
509 Chacripan
79%
686 Sepiatop
79%
687 Sepiatroce
79%
510 Léopardus
78%
359 Absol
77%
359 Méga-Absol
77%
1004 Yuyu
77%
435 Moufflair
76%
434 Moufouette
76%
197 Noctali
76%
727 Félinferno
74%
630 Vaututrice
74%
629 Vostourno
74%
332 Cacturne
73%
1003 Dinglu
73%
921 Gambex
73%
717 Yveltal
73%
452 Drascore
70%
1001 Chongjian
69%
211 Qwilfish de Hisui
69%
342 Colhomard
68%
904 Qwilpik
67%
503 Clamiral de Hisui
64%
658 Amphinobi
63%
675 Pandarbare
63%
799 Engloutyran
62%
962 Lestombaile
61%
571 Zoroark
61%
570 Zorua
61%
1005 Rugit-Lune
60%
893 Zarude
58%
993 Têtes-de-Fer
57%
908 Miascarade
56%
986 Fongus-Furie
54%
827 Goupilou
52%
828 Roublenard
52%
943 Dogrino
42%
942 Grondogue
41%
Aucun quiz correspondant
Distribution des résultats
% des personnes avec chaque résultat
Percentile par nombre de réponses
Votre historique - résultats
Vous n’avez pas pris ce quiz